Bossypants /

From her youthful days as a vicious nerd to her tour of duty on Saturday Night Live; from her passionately halfhearted pursuit of physical beauty to her life as a mother eating things off the floor; from her one-sided college romance to her nearly fatal honeymoon, comedian Tina Fey reveals all, and...

Full description

Bibliographic Details
Main Author: Fey, Tina, 1970-
Format: Book
Language:English
Published: New York : Little, Brown and Co., 2011.
Edition:1st ed.
Subjects:

MARC

Tag First Indicator Second Indicator Subfields
LEADER 00000cam a2200000 a 4500
001 in00002672011
005 20151202120859.0
008 110119s2011 nyua 000 0aeng
010 |a  2011002415 
020 |a 9780316056861 (hbk.) 
020 |a 0316056863 (hbk.) 
035 |a (OCoLC)ocn668192240 
040 |a DLC  |c DLC  |d IG#  |d BTCTA  |d MOF  |d JRS  |d UPZ  |d YDXCP  |d GO3  |d ABG  |d VP@  |d BWX  |d UtOrBLW 
043 |a n-us--- 
049 |a TXAM 
050 0 0 |a PN2287.F4255  |b A3 2011 
082 0 0 |a 792.702/8092  |a B  |2 22 
100 1 |a Fey, Tina,  |d 1970- 
245 1 0 |a Bossypants /  |c Tina Fey. 
246 3 |a Bossy pants 
250 |a 1st ed. 
264 1 |a New York :  |b Little, Brown and Co.,  |c 2011. 
300 |a viii, 277 pages :  |b illustrations ;  |c 25 cm. 
336 |a text  |b txt  |2 rdacontent 
337 |a unmediated  |b n  |2 rdamedia 
338 |a volume  |b nc  |2 rdacarrier 
500 |a "A Reagan Arthur book." 
505 0 |a Origin story -- Growing up and liking it -- All girls must be everything -- Delaware County summer showtime! -- That's Don Fey -- Climbing Old Rag Mountain -- Young Men's Christian Association -- The Windy City, full of meat -- My honeymoon, or, A supposedly fun thing I'll never do again either -- The secrets of Mommy's beauty -- Remembrances of being very very skinny -- Remembrances of being a little bit fat -- A childhood dream, realized -- Peeing in jars with boys -- I don't care if you like it -- Amazing, gorgeous, not like that -- Dear Internet -- 30 Rock : an experiment to confuse your grandparents -- Sarah, Oprah, and Captain Hook -- There's a drunk midget in my house -- A celebrity's guide to celebrating the birth of Jesus -- Juggle this -- The mother's prayer for its daughter -- What turning forty means to me -- What should I do with my last five minutes? 
520 |a From her youthful days as a vicious nerd to her tour of duty on Saturday Night Live; from her passionately halfhearted pursuit of physical beauty to her life as a mother eating things off the floor; from her one-sided college romance to her nearly fatal honeymoon, comedian Tina Fey reveals all, and proves that you're no one until someone calls you bossy. 
600 1 0 |a Fey, Tina,  |d 1970- 
650 0 |a Women comedians  |z United States  |v Biography. 
650 0 |a Women television personalities  |z United States  |v Biography. 
650 0 |a American wit and humor. 
938 |a Ingram  |b INGR  |n 9780316056861 
938 |a Baker and Taylor  |b BTCP  |n BK0009277192 
938 |a YBP Library Services  |b YANK  |n 3634411 
938 |a Blackwell Book Service  |b BBUS  |n 3634411 
948 |a cataloged  |b h  |c 2011/4/22  |d c  |e ceaton  |f 2:04:15 pm 
994 |a C0  |b TXA 
999 |a MARS 
999 f f |s 3281d16d-79a1-3a1f-82da-8b6047f1cd91  |i 1724c181-083a-3fe2-b2ad-289b51d9e12e  |t 0 
952 f f |p normal  |a Texas A&M University  |b College Station  |c Sterling C. Evans Library  |d Evans: Library Stacks  |t 0  |e PN2287.F4255 A3 2011  |h Library of Congress classification  |i unmediated -- volume  |m A14839600818 
998 f f |a PN2287.F4255 A3 2011  |t 0  |l Evans: Library Stacks